header

Translation that openeth the window (Record no. 33881)

MARC details
000 -LEADER
fixed length control field 01317nam a2200301Ia 4500
245 00 - TITLE STATEMENT
Title Translation that openeth the window
260 ## - PUBLICATION, DISTRIBUTION, ETC. (IMPRINT)
Place of publication Atlanta :
Name of publisher Society of Biblical Literature,
Year of publication c2009.
300 ## - PHYSICAL DESCRIPTION
Number of Pages xxiii, 274 p.
490 0# - SERIES STATEMENT
Series statement Society of biblical literature biblical scholarship in North America ;
650 #0 - SUBJECT ADDED ENTRY--TOPICAL TERM
Topical Term Theology.
700 1# - ADDED ENTRY--PERSONAL NAME
Personal name Burke, David G.
856 40 - ELECTRONIC LOCATION AND ACCESS
Uniform Resource Identifier http://site.ebrary.com/lib/rucke/Doc?id=10354018

No items available.

© 2026 Rongo University
Contact us: librarian | system librarian | Rongo university